000 00753nam a2200277 a 4500
003 AR-BaBNM
005 20251128204733.0
008 082120s2002 ||||||||||||||000 | spa||
020 _a950-526-046-6
040 _cAR-BaBNM
100 1 _aLuchetti, Elena L.
245 0 0 _aManual de técnicas de estudio y expresión
260 _aBuenos Aires
_bCesarini
_c[s.f.]
300 _a87 p.
_bcuadros, tablas, diagr., il.
500 _aContiene índice bibliográfico
650 4 _aACTIVIDADES ESCOLARES
650 4 _aEVALUACION
650 4 _aANALISIS LITERARIO
650 4 _aANALISIS DEL HABLA
650 4 _aEXPRESION
650 4 _aCOMPRENSION
650 4 _aMETODOS DE ENSEÑANZA
700 1 _aVega, Graciela
942 _cBK
998 _cGLORIA
999 _c8622
_d8622